| 000 | 01179nam a2200301 i 4500 | ||
|---|---|---|---|
| 003 | EG-GICUC | ||
| 005 | 20260126170118.0 | ||
| 008 | 260107s2006 ua ||||fr|||| 00| 0 ara d | ||
| 040 |
_a EG-GICUC _bara _c EG-GICUC _d EG-GICUC _erda |
||
| 041 | _aara | ||
| 082 | 0 | 4 |
_221 _a343.393 _bي ا . ا |
| 092 | 0 | 4 | _221 |
| 099 | _aLaw1 10 343.393 ي ا . ا2006 | ||
| 100 | 0 |
_aياسر الأمير فاروق _eمؤلف. |
|
| 245 | 1 | 2 |
_aالاعتراف المعفى من العقاب في جريمة الرشوة : _bماهيته - طبيعته - شروطه - أثاره / _cتاليف ياسر الأمير فاروق المحامى. |
| 264 | 1 |
_aالإسكندرية : _bدار المطبوعات الجامعية، _c2006. |
|
| 300 |
_a97 صفحة ; _c24 سم. |
||
| 336 |
_2rda content _atext |
||
| 337 |
_2rda media _aComputer |
||
| 338 |
_2rda carrier _aOnline Resource |
||
| 504 | _aيشتمل على إرجاعات ببليوجرافية. | ||
| 650 | 1 | _aالقانون الجنائي | |
| 650 | 1 | _aالإعتراف | |
| 650 | 1 | _aجريمة الرشوة | |
| 856 | 4 | 0 | _uhttps://fll.law.cu.edu.eg/fulltext/bks/B10-05947.pdf |
| 905 |
_a43 _eYara |
||
| 942 |
_2ddc _n0 _cBK _e21 |
||
| 999 |
_c55376 _d55376 |
||